Normal view
MARC view
- خليفة ،شعبان عبد العزيز
Entry Personal Name
001 - CONTROL NUMBER
- control field: 13633
003 - CONTROL NUMBER IDENTIFIER
- control field: JO-AjAnu
005 - DATE AND TIME OF LATEST TRANSACTION
- control field: 20230606072459.0
008 - FIXED-LENGTH DATA ELEMENTS
- fixed length control field: 230606|| aca||aabn | a|a d
040 ## - CATALOGING SOURCE
- Original cataloging agency: JO-AjAnu
- Transcribing agency: JO-AjAnu
100 ## - HEADING--PERSONAL NAME
- Personal name: خليفة ،شعبان عبد العزيز
670 ## - SOURCE DATA FOUND
- Source citation: Work cat.: (JO-AjAnu)7013: خليفة ،شعبان عبد العزيز , author, الببليوجرافيا او علم الكتاب :دراسة في اصول النظرية الببلوجرافية وتطبيقاتها النظرية العامة